000
00288nam a2200121Ia 4500
008
190216s9999||||xx |||||||||||||| ||und||
100
_a
Elhance D N
245
0
_a
Fundamentals Of Statistics
260
_b
Pentice Hall Of India
_c
1972
300
_a
30.20p
650
_a
Commerce
942
_c
BK
999
_c
5202
_d
5202